Determinants of Economic Growth in V4 Countries and Romania
Empirická analýza determinantov hospodárskeho rastu v krajinách V4 a Rumunska. Výsledky ukazujú, že PZI podporujú ekonomický rast vo všetkých skúmaných krajinách, okrem Slovenskej republiky. Iba v Česku výdavky na vzdelávanie ovplyvnili hospodársky rast. Výdavky na výskum a vývoj mali pozitívny vply...
Salvato in:
| Autore principale: | |
|---|---|
| Altri autori: | , , , |
| Natura: | Capitolo di libro |
| Lingua: | inglese |
| Soggetti: | |
| Tags: |
Nessun Tag, puoi essere il primo ad aggiungerne!!
|
MARC
| LEADER | 00000nla a2200000 4500 | ||
|---|---|---|---|
| 001 | 0229153 | ||
| 005 | 20240523110457.0 | ||
| 041 | 0 | |a eng | |
| 044 | |a CZ | ||
| 245 | 1 | 0 | |a Determinants of Economic Growth in V4 Countries and Romania |c Mihaela Simionescu, Kornélia Lazányi, Gabriela Sopková, Kamil Dobeš, Adam P. Balcerzak |
| 500 | |a This paper has been supported by the New national excellence program of the Ministry of human capacities. | ||
| 520 | |a Empirická analýza determinantov hospodárskeho rastu v krajinách V4 a Rumunska. Výsledky ukazujú, že PZI podporujú ekonomický rast vo všetkých skúmaných krajinách, okrem Slovenskej republiky. Iba v Česku výdavky na vzdelávanie ovplyvnili hospodársky rast. Výdavky na výskum a vývoj mali pozitívny vplyv v Rumunsku, Maďarsku a Česku. Závery a odporúčania pre budúci výskum. | ||
| 610 | 2 | 0 | |a rast hospodársky |
| 610 | 2 | 0 | |a faktory rastu hospodárskeho |
| 610 | 2 | 0 | |a Vyšehradská štvorka |
| 610 | 2 | 0 | |a Rumunsko |
| 610 | 2 | 0 | |a investície priame zahraničné |
| 610 | 2 | 0 | |a kapitál ľudský |
| 610 | 2 | 0 | |a financovanie vývoja |
| 100 | 1 | |a Simionescu, Mihaela | |
| 700 | 1 | |a Lazányi, Kornélia | |
| 700 | 1 | |a Sopková, Gabriela | |
| 700 | 1 | |a Dobeš, Kamil | |
| 700 | 1 | |a Balcerzak, Adam P. | |